000 00728naa a2200193 4500
999 _c371362
_d371362
001 19954
003 OSt
005 20220204084245.0
007 tu
008 190527|||||||||||| ger
040 _aDE-2910
_cDE-2910
245 0 0 _aDie Luftraumbeobachtung bei Frankfurt (Oder) und Umgebung, eine Teilaufgabe der Luftnachrichtentruppen /
_cHorst Voigt
260 _c2020
490 _aMitteilungen Historischer Verein zu Frankfurt (Oder) e.V.
546 _adeutsch
653 _aLuftwaffe
_aLuftraumbeobachtung 1939-1945
_aLebus <Märkisch Oderland>
_aFrankfurt (Oder)
_aNuhnenturm
773 0 _dFrankfurt (Oder)
_gHeft 2/2020, S. 2-9
_tMitteilungen Historischer Verein zu Frankfurt (Oder) e. V
_w11310
942 _2z
_cA